000
00296nam a22001217a 4500
008
171214b xxu||||| |||| 00| 0 eng d
041
_a
eng
080
_a
574
100
_a
9
101
_a
MJE
245
_a
SOCIAL SCIENCE AGRICULTURAL AGENDAS QND STRATEGIES
_c
JOHNSON.G.L
942
_2
udc
_c
BK
999
_c
38901
_d
38901